000 00386nam a22001577a 4500
003 MPLRDC
005 20220104144028.0
008 210129b ||||| |||| 00| 0 eng d
082 _a784.28 HIL-5 v.1
100 _a卢德威
245 _a拿破仑传, 上
_c高语和 译
260 _a
_b中华出版社
_c
300 _b
650 _a法国传记
942 _cBK
_o784.28 HIL-5 v.1
999 _c45685
_d45675